000 00503nam a2200169Ia 4500
008 090711s9999 xx 000 0 und d
082 _b8111
100 _aदेशपांडे कुसुमावती
245 _aदीपमाळ
260 _c1958
300 _a5
600 _aदेशपांडे कुसुमावती
630 _aदीपमाळ
700 _aदेशपांडे कुसुमावती
730 _aदीपमाळ
942 _cBOOK
999 _c306337
_d306337